Como leer? /

Guardado en:
Autor Principal: Gaitini, Azucena Dir.
Formato: Libro
Publicado: Rosario : U. N. R., 1989
Materias:
Etiquetas: Agregar Etiqueta
Sin Etiquetas, Sea el primero en etiquetar este registro!
LEADER 00486nam a22001815a 4500
001 CEM.cems007295
005 20060214000000.0
008 130507s1989##################000#0#####d
003 CEMS
082 0 4 |a 372.4 
100 1 |a Gaitini, Azucena Dir. 
245 1 0 |a Como leer? / 
260 |a Rosario :  |b U. N. R.,  |c 1989 
300 |a 60 p. 
653 |a Interdiscursividad 
653 |a Lectura 
653 |a Lengua y literatura-didactica 
859 |a CEMS  |b BIB. CEMS - 11 de abril  |h 372.4  |i G129  |p 17125.93  |t Ej.1